A Journey in Mathematics Education Research Insights from the Work of Paul Cobb /

This book presents ideas developed by Paul Cobb and his colleagues that have significantly influenced the field of mathematics education over the past three decades. In this volume, they are brought together for readers to present a clear view of how the field has changed during that time. During hi...

Πλήρης περιγραφή

Λεπτομέρειες βιβλιογραφικής εγγραφής
Συγγραφή απο Οργανισμό/Αρχή: SpringerLink (Online service)
Άλλοι συγγραφείς: Sfard, Anna (Επιμελητής έκδοσης), Gravemeijer, Koeno (Επιμελητής έκδοσης), Yackel, Erna (Επιμελητής έκδοσης)
Μορφή: Ηλεκτρονική πηγή Ηλ. βιβλίο
Γλώσσα:English
Έκδοση: Dordrecht : Springer Netherlands, 2011.
Σειρά:Mathematics Education Library ; 48
Θέματα:
Διαθέσιμο Online:Full Text via HEAL-Link
LEADER 03280nam a22004695i 4500
001 978-90-481-9729-3
003 DE-He213
005 20151120141837.0
007 cr nn 008mamaa
008 101130s2011 ne | s |||| 0|eng d
020 |a 9789048197293  |9 978-90-481-9729-3 
024 7 |a 10.1007/978-90-481-9729-3  |2 doi 
040 |d GrThAP 
050 4 |a LC8-6691 
072 7 |a JNU  |2 bicssc 
072 7 |a PB  |2 bicssc 
072 7 |a EDU029010  |2 bisacsh 
082 0 4 |a 370  |2 23 
245 1 2 |a A Journey in Mathematics Education Research  |h [electronic resource] :  |b Insights from the Work of Paul Cobb /  |c edited by Anna Sfard, Koeno Gravemeijer, Erna Yackel. 
264 1 |a Dordrecht :  |b Springer Netherlands,  |c 2011. 
300 |a XXIV, 248 p.  |b online resource. 
336 |a text  |b txt  |2 rdacontent 
337 |a computer  |b c  |2 rdamedia 
338 |a online resource  |b cr  |2 rdacarrier 
347 |a text file  |b PDF  |2 rda 
490 1 |a Mathematics Education Library ;  |v 48 
505 0 |a Radical Constructivism -- Social Constructivism -- Symbolizing and Instructional Design -- Mathematical Practices -- Equity and Identity -- Institutional Setting of Mathematics Teaching and Learning. 
520 |a This book presents ideas developed by Paul Cobb and his colleagues that have significantly influenced the field of mathematics education over the past three decades. In this volume, they are brought together for readers to present a clear view of how the field has changed during that time. During his career Cobb moved from looking at a single child's mathematical reasoning, to a class learning a particular mathematical topic, to a group of school teachers, and to a school district with all its teachers, teachers' teachers and principals. It was his wish to make a real difference and his constantly revised understanding of what it takes to do so that dictated this gradual broadening of the unit of analysis. This development is presented in this book with the help of chronologically organized previously published papers, each of which represents a distinct stage in this intellectual journey and is preceded by a new commentary that sheds additional light on the processes of reconceptualization and thus helps the reader to understand the reasons, mechanisms, and outcomes of researchers’ constant pursuit of new insights. This book thus demonstrates how research develops and evolves when theory and practice are taken as mutually informing aspects of the researcher’s work. In this sense, the volume is relevant to audiences primarily interested in practical aspects of mathematics education as well as to those whose primary interests lie in theoretical developments. 
650 0 |a Education. 
650 0 |a Mathematics  |x Study and teaching. 
650 1 4 |a Education. 
650 2 4 |a Mathematics Education. 
700 1 |a Sfard, Anna.  |e editor. 
700 1 |a Gravemeijer, Koeno.  |e editor. 
700 1 |a Yackel, Erna.  |e editor. 
710 2 |a SpringerLink (Online service) 
773 0 |t Springer eBooks 
776 0 8 |i Printed edition:  |z 9789048197286 
830 0 |a Mathematics Education Library ;  |v 48 
856 4 0 |u http://dx.doi.org/10.1007/978-90-481-9729-3  |z Full Text via HEAL-Link 
912 |a ZDB-2-SHU 
950 |a Humanities, Social Sciences and Law (Springer-11648)